|
|
|
|
| LEADER |
01117nam a22003132a 4500 |
| 001 |
000262274 |
| 003 |
CZ BrMZK |
| 005 |
20090911204245.0 |
| 007 |
ta |
| 008 |
951201s1970 xr f cze d |
| 015 |
|
|
|a cnb000495643
|
| 035 |
|
|
|a (OCoLC)85355045
|
| 040 |
|
|
|a ABA001
|b cze
|c ULG001
|d ABA001
|
| 041 |
1 |
|
|a cze
|h rus
|
| 080 |
9 |
|
|a 882-32(470.23)
|
| 100 |
1 |
|
|a Gogol‘, Nikolaj Vasil‘jevič,
|d 1809-1852
|7 jn19990210244
|4 aut
|
| 240 |
1 |
0 |
|a Peterburgskije povesti.
|l Česky
|
| 245 |
1 |
0 |
|a Petrohradské povídky /
|c Nikolaj Vasil'jevič Gogol' ; z rus. orig. Sobranije sočinenij 3, Povesti přel. Anna Nováková
|
| 250 |
|
|
|a 2. vyd.
|
| 260 |
|
|
|a Praha :
|b Lidové nakladatelství,
|c 1970
|
| 300 |
|
|
|a 198, [3] s. ;
|c 8°
|
| 490 |
1 |
|
|a M knihy ;
|v sv. 12
|
| 500 |
|
|
|a 5000 výt.
|
| 830 |
|
0 |
|a M knihy
|0 s
|
| 910 |
|
|
|a BOA001
|b PK-0034.889-70
|b 1-0642.562
|
| 920 |
|
|
|a 000134674
|
| 990 |
|
|
|a BK
|
| 996 |
6 |
|
|b 2619958260
|c 1-0642.562
|l MZK
|r Sklad / do 1 hodiny
|n 59
|w 000262274
|u 000020
|a 1
|e BOA001
|j MZK50
|s P
|
| 996 |
7 |
|
|b 3119957514
|c PK-0034.889-70
|l MZK
|r Sklad / do 1 hodiny
|n 23
|w 000262274
|u 000010
|a 1
|e BOA001
|j MZK50
|s A
|